000
00225nam a2200097Ia 4500
008
180219s9999 xx 000 0 und d
100
_a
Dey Pradip
245
0
_a
Computer Fundamentals And Programming In C
260
_c
2011
300
_a
0
942
_e
12th
999
_c
43415
_d
43415